Statistics for Twilight characters

Click here to take the quiz!

General Stats

  • This quiz has been taken 84 times
  • The average score is 18 of 28

Answer Stats

Answer % Correct
bella
100%
edward
99%
Jacob
95%
alice
95%
jasper
89%
emmett
88%
Rosalie
88%
Carlisle
86%
Esme
86%
Sam
76%
Renesmee
75%
Victoria
74%
aro
71%
james
71%
Seth
70%
jane
68%
Leah
63%
Laurent
63%
Marcus
58%
Caius
57%
Quil
54%
Embry
54%
alec
54%
Paul
45%
Jared
38%
Athenodora
3%
Sulpicia
3%
Didyme
3%

Score Distribution

Percentile by Number Answered

Percent of People with Each Score

Your Score History

You have not taken this quiz